| 000 | 01759nam a2200409Ic 4500 | ||
|---|---|---|---|
| 001 | 59784 | ||
| 003 | CO-BoRNBP | ||
| 005 | 20251105164119.0 | ||
| 007 | ta | ||
| 008 | 180109s2012 ck a g 000 0 spa | ||
| 020 |
_a9789582010737 _q(volumen 1) \ |
||
| 020 |
_a9789582010744 _q(volumen 2) |
||
| 040 |
_aCO-BoRNBP _bspa _erda _cCO-BoRNBP |
||
| 041 | _aspa | ||
| 082 | 0 | 4 |
_a530.078 _bC15f |
| 084 | _a2018 | ||
| 100 | 1 |
_aCampos Valadares, Eduardo de _eaut _966627 |
|
| 245 | 0 | 0 |
_aFísica más que divertida : _binventos electrizantes basados en materiales reciclados de bajo costo / _cEduardo de Campos Valadares ; traducción de Ileana Oropeza Rosas, Nancy Mora y Mariana Valenzuela. |
| 250 | _aPrimera edición | ||
| 264 | 1 |
_aBogotá, Colombia : _bMagisterio Editorial, _c2012 |
|
| 300 |
_a2 volúmenes : _bilustraciones a blanco y negro |
||
| 336 |
_atexto _btxt _2rdacontent |
||
| 337 |
_asin mediación _bn _2rdamedia |
||
| 338 |
_avolumen _bnc _2rdacarrier |
||
| 490 | 0 | _aColección didáctica de las ciencias | |
| 505 | 0 | _a1. íDiviértete con la mecánica! El mundo de los átomos y nuestro mundo: frío, calor y burbujas gigantes -- 2. Lo mágico del movimiento armónico simple Juega con los sonidos: acústica Juega con la luz: óptica Experimentos electrizantes: electricidad y magnetismo | |
| 650 | 0 | 7 |
_aAcústica _2lemb _966628 |
| 650 | 0 | 7 |
_aCiencias físicas _xPruebas _2lemb _966629 |
| 650 | 0 | 7 |
_aMovimientos (Física) _2lemb _966630 |
| 650 | 0 | 7 |
_aÓptica _2lemb _919656 |
| 650 | 0 | 7 |
_aPartículas (física nuclear) _2lemb _966631 |
| 650 | 0 | 7 |
_aFísica _xEnseñanza _2LEMB _959718 |
| 700 |
_aMora, Nancy, _etrl _966632 |
||
| 700 |
_aOropeza Rosas, Ileana, _etrl _966633 |
||
| 700 |
_aValenzuela, Mariana, _etrl _966634 |
||
| 942 |
_2ddc _cBK |
||
| 999 |
_c59784 _d59784 |
||